| 000 | 00757nam a22002297a 4500 | ||
|---|---|---|---|
| 005 | 20170124110247.0 | ||
| 010 | _a347782 | ||
| 020 | _c00.00 | ||
| 035 | _a347782 | ||
| 037 | _bCen Lib/Ret | ||
| 040 |
_aDPL _bEN |
||
| 082 |
_a230.23 _bBHA |
||
| 100 |
_aBhattacharya, Shiva Chandra Vidyarnava _997907 |
||
| 245 |
_aPrinciples of tantra : _bThe Tantratattva of Sriyukta Siva Candra Vidyârnava Bhattâcârya mahodaya. / _cby Shiva Chandra Vidyarnava Bhattacharya; edited by Arthur Avalon |
||
| 260 |
_aOxford _bClarendon Press _c1971 |
||
| 300 |
_a787p. _c23cm(Hb) |
||
| 500 | _aIncludes index | ||
| 650 |
_aTantras. _913041 |
||
| 650 |
_aShaktism. _911713 |
||
| 700 |
_aAvalon, Arthur _997908 |
||
| 942 |
_2ddc _cEN _h230.23 _mBHA |
||
| 999 |
_c135641 _d135641 |
||